Normal view
MARC view
- اتفاقيات جنيف 1949 م - بروتوكولات
Entry Topical Term
001 - CONTROL NUMBER
- control field: 57860
003 - CONTROL NUMBER IDENTIFIER
- control field: JO-AjAnu
005 - DATE AND TIME OF LATEST TRANSACTION
- control field: 20230606083455.0
008 - FIXED-LENGTH DATA ELEMENTS
- fixed length control field: 230606|| aca||aabn | a|a d
040 ## - CATALOGING SOURCE
- Original cataloging agency: JO-AjAnu
- Transcribing agency: JO-AjAnu
150 ## - HEADING--TOPICAL TERM
- Topical term or geographic name entry element: اتفاقيات جنيف 1949 م - بروتوكولات
670 ## - SOURCE DATA FOUND
- Source citation: Work cat.: (JO-AjAnu)29521: اللجنة الدولية للصليب الأحمر, author 57859, البروتوكولات الإضافية إلى اتفاقيات جنيف المؤرخة في 12آب / أغسطس 1949